书目信息 |
| 书名: | Law & ethics for medical careers | |
| 作者: | Karen Judson, Sharon Hicks. | |
| 分册号: | ||
| 分册名: | 出版地: | New York : |
|
| 出版社: | Glencoe/McGraw-Hill | |
| 出版时间: | 2002. | |
| 页数: | p. cm. | |
| 开本: | ||
| 丛书名: | ||
| 中图分类号: | ||
| 科图分类号: | ||
| 其他分类号: | B825 | |
| 主题词: | ||
| 电子资源: | http://www.loc.gov/catdir/description/mh031/2002032673.html http://www.loc.gov/catdir/toc/mh031/2002032673.html | |
| 000 | 01464cam a22003858a 450 | |
| 001 | E0756055719 | |
| 005 | 20070314164240.95 | |
| 008 | 020814s2002 nyu 001 0 eng | |
| 010 | @a2002032673 | |
| 020 | @a0078289408. | |
| 040 | @aDLC@cDLC@dDLC | |
| 042 | @apcc | |
| 050 | 00 | @aR725.5@b.J83 2002 |
| 082 | 00 | @a174/.2@2 21 |
| 090 | @aB825 | |
| 099 | @dB825@ex6 | |
| 100 | 1 | @aJudson, Karen,@d1941- |
| 245 | 10 | @aLaw & ethics for medical careers / @cKaren Judson, Sharon Hicks. |
| 246 | 30 | @aLaw and ethics for medical careers |
| 250 | @a3rd ed. | |
| 260 | @aNew York :@bGlencoe/McGraw-Hill,@c2002. | |
| 263 | @a0209 | |
| 300 | @ap. cm. | |
| 500 | @aIncludes index. | |
| 650 | 0 | @aMedical ethics. |
| 650 | 0 | @aMedical assistants@xLegal status, laws, etc. |
| 650 | 0 | @aMedical jurisprudence. |
| 650 | 0 | @aMedical assistants@xProfessional ethics. |
| 700 | 1 | @aHicks, Sharon,@d1953- |
| 856 | 42 | @3 Publisher description@uhttp://www.loc.gov/catdir/description/mh031/2002032673.html |
| 856 | 41 | @3 Table of contents@uhttp://www.loc.gov/catdir/toc/mh031/2002032673.html |
| 906 | @a7@brix@corignew@d1@eocip@f20@gy-gencatlg | |
| 925 | 0 | @aacquire@b2 shelf copies@xpolicy default |
| 955 | @apc20 2002-08-14 to SSCD;@cjc09 2002-08-19;@djc15 2002-08-19@ejc03 2002-08-21 to Dewey@aaa05 2002-08-21@arejected as a serial; proceed with CIP ver. when pieces are received db15 2006-05-04 | |
| 963 | @aLinda Jefferson, 800-848-1567 x4407 | |
| Law & ethics for medical careers / / Karen Judson, Sharon Hicks.-3rd ed.-New York : : Glencoe/McGraw-Hill, , 2002. |
| p. cm. |
| Includes index. |
| ISBN 0078289408. |
| ● |
| 相关链接 |
|
|
|
|
正题名:Law & ethics for medical careers
索取号:B825/x6
 
预约/预借
| 序号 | 登录号 | 条形码 | 馆藏地/架位号 | 状态 | 备注 |
| 1 | 0001918 | 300019183 | 第二样本阅览室/ [索取号:B825/x6] | 在馆 |